Movies Quiz

Random Movies or Clickable Quiz

Almost Useless Movie Trivia XIII Quiz Stats

 Plays Quiz Updated Nov 18, 2017

Challenge
Share
Tweet
Embed
Score 0/22 Timer 07:00
19 Plays Today
% Correct
Dr. Seuss' How the Grinch Stole Christmas
93.2%
Bambi
93.2%
Yellow Submarine
92.9%
Sister Act
92.8%
Wayne's World
91.6%
Legally Blonde
91%
Air Force One
90.7%
Murder on the Orient Express
89.1%
Minority Report
84.3%
Twins
83.9%
Frankenweenie
83.5%
% Correct
The Dirty Dozen
81.8%
The Sandlot
80.4%
Beverly Hills Cop
76.7%
Big Trouble in Little China
73.8%
Contact
73%
Westworld
71.8%
Saturday Night Fever
69.3%
Wall Street
65.6%
Honey, I Shrunk the Kids
63.3%
Baby Driver
56.1%
Marty
46.8%

You're not logged in!

Compare scores with friends on all Sporcle quizzes.
Join for Free
OR
Log In

You Might Also Like...

Show Comments

Extras

Top Quizzes Today


Score Distribution

Your Account Isn't Verified!

In order to create a playlist on Sporcle, you need to verify the email address you used during registration. Go to your Sporcle Settings to finish the process.

Report this User

Report this user for behavior that violates our Community Guidelines.

Details: